000 01242nam a22003257a 4500
001 1670401
003 PILC
005 20150608092812.0
008 150608b xxu||||| |||| 00| 0 eng d
010 _a 98021874
020 _a0553109537
020 _a0553380168
040 _aDLC
_cDLC
_dDLC
050 0 0 _aQB981
_b.H377 1998
082 0 0 _a523.1
100 1 _aHawking, Stephen,
_d1942-
245 1 2 _aA brief history of time /
_cStephen Hawking.
250 _aUpdated and expanded tenth anniversary ed.
260 _aNew York :
_bBantam Books,
_c1998.
300 _aix, 212 p. :
_bill. ;
_c24 cm.
500 _aIncludes index.
650 0 _aCosmology.
856 4 2 _3Publisher description
_uhttp://www.loc.gov/catdir/description/random043/98021874.html
856 4 2 _3Contributor biographical information
_uhttp://www.loc.gov/catdir/enhancements/fy0810/98021874-b.html
856 4 1 _3Sample text
_uhttp://www.loc.gov/catdir/enhancements/fy0902/98021874-s.html
906 _a7
_bcbc
_corignew
_d1
_eocip
_f19
_gy-gencatlg
942 _2lcc
_cBK
_mQB981 .H377 1998
999 _c284776
_d284776